[Event "Sydney International Open"]
[Site "*"]
[Date "2007.07.14"]
[Round "9.11"]
[White "Ly, Moulthun"]
[Black "Oliver, Gareth"]
[Result "1/2-1/2"]
[WhiteElo "2322"]
[BlackElo "2110"]
[PlyCount "62"]

1. e4 c5 2. Nf3 d6 3. d4 cxd4 4. Nxd4 Nf6 5. Nc3 a6 6. f4 e6 7. Qf3 Qc7 8. g4
Be7 9. g5 Nfd7 10. Be3 Nc6 11. O-O-O O-O 12. Rg1 Re8 13. Rg3 g6 14. h4 Bf8 15.
h5 Bg7 16. hxg6 fxg6 17. Bh3 Nxd4 18. Bxd4 e5 19. Nd5 Qd8 20. Qb3 Kh8 21. Bxd7
Qxd7 22. fxe5 dxe5 23. Be3 Qf7 24. Qb6 Rg8 25. a3 Bd7 26. Nf6 Bxf6 27. Qxf6+
Qxf6 28. gxf6 Be6 29. Bh6 Rge8 30. b3 Rac8 31. Kb2 Kg8 1/2-1/2

[Event "Sydney International Open"]
[Site "*"]
[Date "2007.07.14"]
[Round "9.12"]
[White "Ansell, Simon"]
[Black "Yu, Ronald"]
[Result "1-0"]
[WhiteElo "2402"]
[BlackElo "2177"]
[PlyCount "109"]

1. e4 c6 2. d4 d5 3. e5 Bf5 4. Nf3 e6 5. Be2 c5 6. O-O Nc6 7. Be3 c4 8. b3 b5
9. a4 a6 10. c3 Nge7 11. Na3 Rb8 12. b4 Bg6 13. axb5 axb5 14. Nh4 Nc8 15. Nxg6
hxg6 16. Qd2 Be7 17. g4 f5 18. Kh1 Kd7 19. Rg1 Qf8 20. Rg3 Ra8 21. Ra2 Rb8 22.
Bd1 Kc7 23. Nc2 Nd8 24. Ne1 Rh7 25. f3 Qh8 26. Qg2 Bh4 27. Kg1 Bxg3 28. Qxg3
Rh3 29. Qg2 fxg4 30. Qxg4 Qh4 31. Qxh4 Rxh4 32. Ng2 Rh8 33. Nf4 Ne7 34. Bc2 g5
35. Ne2 Nf7 36. Ra7+ Rb7 37. Ra6 Kd7 38. f4 gxf4 39. Nxf4 Rh6 40. h4 Nd8 41. h5
Nec6 42. Bd1 Ke8 43. Bg4 Ra7 44. Rb6 Ra3 45. Nxe6 Rxe6 46. Bxe6 Rxc3 47. Kf2
Nxb4 48. Bf5 Nd3+ 49. Ke2 Rc2+ 50. Kf1 Ra2 51. e6 Nxe6 52. Rxe6+ Kf7 53. Rb6
Ra1+ 54. Kg2 Ne1+ 55. Kf2 1-0

[Event "Sydney International Open"]
[Site "*"]
[Date "2007.07.14"]
[Round "9.13"]
[White "Gutierrez Castillo, Paloma"]
[Black "Sales, Jesse Noel"]
[Result "1-0"]
[WhiteElo "2176"]
[BlackElo "2361"]
[PlyCount "149"]

1. e4 Nc6 2. Nf3 e5 3. Bc4 Bc5 4. c3 Bb6 5. Bb3 d6 6. d3 h6 7. Nbd2 Nce7 8. Nf1
Ng6 9. Ng3 Nf6 10. Be3 d5 11. Bxb6 axb6 12. O-O O-O 13. exd5 Nxd5 14. d4 exd4
15. Qxd4 Ndf4 16. h3 Qxd4 17. cxd4 c6 18. Rad1 Ra5 19. a3 Rd8 20. Ne5 Nxe5 21.
dxe5 Re8 22. Rd4 Ne6 23. Bxe6 Bxe6 24. f4 c5 25. Rd2 Bc4 26. Rc1 Bb5 27. Nf5
Bc6 28. Rc3 Kh7 29. Nd6 Rd8 30. Rf2 Rd7 31. Nc4 Rd1+ 32. Kh2 Ra4 33. Nxb6 Re4
34. Rxc5 h5 35. e6 Rxe6 36. Rxh5+ Kg8 37. Nc4 f6 38. Na5 Bd5 39. Rc2 Ree1 40.
f5 Rc1 41. Rd2 Red1 42. Rxd1 Rxd1 43. Rh4 Rd2 44. Rg4 Rc2 45. b3 b5 46. Rg3 Be4
47. a4 Ra2 48. Kg1 Bd5 49. Rd3 Bxg2 50. axb5 Be4 51. Rd8+ Kh7 52. Nc4 Ra1+ 53.
Kf2 Bxf5 54. b6 Be4 55. Nd6 Bd5 56. b7 Bxb7 57. Nxb7 Ra2+ 58. Kg3 Kg6 59. Rd3
Kf5 60. Re3 Rd2 61. Nc5 Rb2 62. Nb7 Rd2 63. Na5 g5 64. Nc4 Rd1 65. Kf2 Kg6 66.
Ke2 Rb1 67. Kd2 f5 68. Kc2 Rf1 69. Nd2 Rf2 70. b4 g4 71. hxg4 fxg4 72. b5 Kh5
73. b6 Rf7 74. Ne4 Rb7 75. Rb3 1-0

[Event "Sydney International Open"]
[Site "*"]
[Date "2007.07.14"]
[Round "9.14"]
[White "Smirnov, Vladimir"]
[Black "Wei, Michael"]
[Result "1/2-1/2"]
[WhiteElo "2319"]
[BlackElo "2148"]
[PlyCount "110"]

1. Nf3 Nf6 2. g3 d5 3. Bg2 g6 4. O-O Bg7 5. d3 O-O 6. Nc3 c6 7. e4 dxe4 8. Nxe4
Nxe4 9. dxe4 Na6 10. Qe2 Qa5 11. c3 b5 12. Be3 b4 13. e5 bxc3 14. bxc3 Bg4 15.
Bf4 Nc5 16. Qc4 Bxf3 17. Bxf3 Ne6 18. Rab1 Rab8 19. Rfd1 Bxe5 20. Bxe5 Qxe5 21.
Rxb8 Qxb8 22. Rd7 a5 23. a4 Qe5 24. Qxc6 Rb8 25. Rxe7 Qe1+ 26. Kg2 Nf4+ 27.
gxf4 Qxe7 28. Bd5 Kg7 29. c4 Qh4 30. Bf3 Qxf4 31. Qd5 Re8 32. Qxa5 Qxc4 33. Qb5
Qxb5 34. axb5 Rb8 35. Bc6 Kf6 36. Kf3 Ke5 37. Kg4 h6 38. f4+ Kf6 39. Bd7 Rd8
40. Bc6 Rd3 41. b6 h5+ 42. Kh4 Rb3 43. b7 Kf5 44. Bd5 Rb4 45. Kg3 f6 46. h4 Rb5
47. Kf3 g5 48. Be4+ Ke6 49. fxg5 fxg5 50. hxg5 Ke5 51. g6 Rb3+ 52. Kg2 Kf6 53.
Kh2 h4 54. Kg2 h3+ 55. Kh2 Rb2+ 1/2-1/2

[Event "Sydney International Open"]
[Site "*"]
[Date "2007.07.14"]
[Round "9.15"]
[White "Caoili, Arianne B"]
[Black "Bucher, Denis"]
[Result "1/2-1/2"]
[WhiteElo "2153"]
[BlackElo "2315"]
[PlyCount "123"]

1. c4 e5 2. g3 Nf6 3. Bg2 d5 4. cxd5 Nxd5 5. Nc3 Nb6 6. Nf3 Nc6 7. O-O Be6 8.
d3 Be7 9. Be3 Nd5 10. Nxd5 Bxd5 11. Qa4 O-O 12. Rfc1 Re8 13. Bc5 Bxc5 14. Rxc5
Nd4 15. Nxd4 Bxg2 16. Kxg2 exd4 17. Rac1 c6 18. R1c2 Re6 19. Qc4 Qd7 20. b4 b5
21. Qb3 Rae8 22. Qb2 g6 23. h4 h5 24. Kf1 R8e7 25. Qc1 Rf6 26. Qg5 Rfe6 27. Qf4
Kg7 28. Qc1 Rf6 29. Kg1 Rfe6 30. Kf1 Rf6 31. Kg1 Ree6 32. Qg5 Qe8 33. Kf1 Qb8
34. Kg1 Qe8 35. Kf1 Qe7 36. Qc1 Re3 37. Qb2 Rxg3 38. Qxd4 Rg4 39. e4 Kh7 40.
Rxc6 Rxc6 41. Rxc6 Rxh4 42. Rc8 f6 43. Rd8 Kh6 44. Qe3+ g5 45. Qd4 Qe6 46. Qd7
Rh1+ 47. Kg2 Qxd7 48. Rxd7 Rd1 49. Rd6 Kg7 50. Ra6 Rxd3 51. Rxa7+ Kg6 52. Ra5
Rd2 53. Rxb5 Rxa2 54. Rb8 Rb2 55. b5 Rb3 56. b6 g4 57. b7 Kg7 58. Kh2 h4 59.
Kg2 Rb2 60. Kh1 Kh7 61. Kg1 Kg7 62. Kh1 1/2-1/2

[Event "Sydney International Open"]
[Site "*"]
[Date "2007.07.14"]
[Round "9.17"]
[White "Cunanan, Homer"]
[Black "Smith, Robert W"]
[Result "0-1"]
[WhiteElo "2150"]
[BlackElo "2294"]
[PlyCount "116"]

1. e4 c5 2. Nf3 d6 3. d4 cxd4 4. Nxd4 Nf6 5. Nc3 a6 6. Be2 e5 7. Nb3 Be7 8. O-O
Nbd7 9. Be3 Qc7 10. a4 b6 11. Nd5 Nxd5 12. exd5 O-O 13. f4 exf4 14. Bxf4 Bf6
15. Bd3 Bxb2 16. Rb1 Be5 17. Be3 Nf6 18. c4 Bxh2+ 19. Kh1 Ng4 20. Bg5 Be5 21.
Qe1 Bd7 22. Qh4 f5 23. Rbe1 Rae8 24. Rf3 g6 25. Ref1 Bxa4 26. Nd2 Nh2 27. Bh6
Nxf3 28. Nxf3 Bf6 29. Qf4 Bd7 30. Bxf8 Rxf8 31. Re1 Re8 32. Rxe8+ Bxe8 33. g4
fxg4 34. Qxg4 Qd7 35. Qg3 Qe7 36. Bf5 Bd7 37. Bxd7 Qxd7 38. Ng5 Bxg5 39. Qxg5
Kg7 40. Qe3 Qd8 41. Qd4+ Kg8 42. Qe4 a5 43. Qc2 Qh4+ 44. Kg1 Qd4+ 45. Kh1 Kg7
46. Qa4 Qe4+ 47. Kg1 Qg4+ 48. Kf2 h5 49. Qc6 Qd4+ 50. Kf3 Qf6+ 51. Ke4 Qd8 52.
Kd3 Kh6 53. Qb7 h4 54. Qf7 a4 55. Ke4 a3 56. Qa7 h3 57. Kf3 Qg5 58. c5 h2 0-1

[Event "Sydney International Open"]
[Site "*"]
[Date "2007.07.14"]
[Round "9.18"]
[White "Moylan, Laura A"]
[Black "Steadman, Michael"]
[Result "0-1"]
[WhiteElo "2092"]
[BlackElo "2273"]
[PlyCount "48"]

1. d4 Nf6 2. Nc3 e6 3. Bg5 d5 4. Qd3 c5 5. dxc5 Bxc5 6. O-O-O Nc6 7. e4 d4 8.
Qc4 Qe7 9. Nb5 O-O 10. Nxd4 Bxd4 11. Rxd4 Nxd4 12. e5 Nf5 13. g4 Nd6 14. Qc5
Rd8 15. exf6 gxf6 16. Bh4 b6 17. Qh5 e5 18. Qh6 Ne8 19. Bg2 Bb7 20. Nf3 Rac8
21. g5 Rxc2+ 22. Kb1 Qb4 23. Kxc2 Be4+ 24. Kc1 Qc4# 0-1

[Event "Sydney International Open"]
[Site "*"]
[Date "2007.07.14"]
[Round "9.19"]
[White "Ayvazyan, Armen"]
[Black "Nakauchi, Gene"]
[Result "1-0"]
[WhiteElo "2241"]
[BlackElo "1703"]
[PlyCount "63"]

1. c4 e6 2. g3 Nf6 3. Bg2 d5 4. Nf3 c6 5. d4 Be7 6. O-O O-O 7. Nc3 Nbd7 8. b3
b6 9. Bb2 Ba6 10. Nd2 Ne8 11. e4 dxe4 12. Ncxe4 Rc8 13. Re1 c5 14. d5 exd5 15.
cxd5 Ndf6 16. Nc3 Nd6 17. Nf3 c4 18. Ne5 Bb7 19. Nxc4 Nxc4 20. bxc4 Ba6 21. Nb5
Bb4 22. Re3 Rxc4 23. Nxa7 Qc7 24. Nc6 Bc5 25. Bxf6 gxf6 26. Re4 f5 27. Rxc4
Bxc4 28. Qc2 Bb5 29. Qxf5 Bxc6 30. Be4 f6 31. dxc6 Qe5 32. Qxh7# 1-0

[Event "Sydney International Open"]
[Site "*"]
[Date "2007.07.14"]
[Round "9.20"]
[White "Hu, Jason"]
[Black "Repplinger, Marc"]
[Result "1-0"]
[WhiteElo "2038"]
[BlackElo "2239"]
[PlyCount "61"]

1. c4 f5 2. Qc2 d6 3. Nf3 e5 4. d4 e4 5. Nfd2 c6 6. Nc3 Nf6 7. e3 Be7 8. Be2
O-O 9. O-O d5 10. f4 Be6 11. cxd5 cxd5 12. a3 a5 13. Qb3 Qc7 14. Na4 Nbd7 15.
Nb1 Rfc8 16. Nbc3 Bf7 17. Bd2 Qd8 18. Rac1 Kh8 19. Rc2 Rab8 20. Rfc1 Nf8 21.
Nb6 Rc6 22. Nca4 Be8 23. Bxa5 Rxc2 24. Rxc2 Bc6 25. Qc3 Qe8 26. Nc5 Ng6 27. b4
Bxc5 28. Qxc5 Nh4 29. b5 Qg6 30. g3 Ng4 31. bxc6 1-0

[Event "Sydney International Open"]
[Site "*"]
[Date "2007.07.14"]
[Round "9.21"]
[White "Vlietstra, Marc"]
[Black "Pyke, Malcolm L"]
[Result "0-1"]
[WhiteElo "2022"]
[BlackElo "2235"]
[PlyCount "72"]

1. e4 e6 2. d4 d5 3. e5 c5 4. f4 cxd4 5. Bd3 Nc6 6. a3 Nge7 7. Nf3 Nf5 8. Bxf5
exf5 9. b4 Be6 10. Bb2 Rc8 11. Nbd2 Be7 12. Nb3 O-O 13. Qd2 Re8 14. b5 Nb8 15.
O-O Nd7 16. Bxd4 Nb6 17. Na5 Nc4 18. Nxc4 Rxc4 19. a4 b6 20. c3 Qc7 21. Qa2 Bc5
22. a5 Rxc3 23. Kh1 Rxf3 24. gxf3 Bxd4 25. Rac1 Qd7 26. Rc6 Bc5 27. axb6 axb6
28. Qg2 d4 29. Rd1 Bd5 30. Rh6 Re6 31. Rg1 Bxf3 32. Qxf3 Rxh6 33. Qa8+ Bf8 34.
Re1 Re6 35. Qa4 Qd5+ 36. Kg1 Rg6+ 0-1

[Event "Sydney International Open"]
[Site "*"]
[Date "2007.07.14"]
[Round "9.22"]
[White "Lin, Zhigen Wilson"]
[Black "Lazarus, Benjamin"]
[Result "1-0"]
[WhiteElo "2189"]
[BlackElo "2140"]
[PlyCount "123"]

1. e4 c5 2. Nf3 d6 3. Bb5+ Bd7 4. Bxd7+ Qxd7 5. c4 Nc6 6. d4 cxd4 7. Nxd4 g6 8.
Nc3 Bg7 9. Nde2 Nf6 10. f3 O-O 11. O-O a6 12. a4 Qd8 13. Be3 Qa5 14. Rc1 Nd7
15. b3 Rab8 16. Qd2 Nc5 17. Rb1 Nd7 18. Kh1 Rfd8 19. Rfd1 Kf8 20. Qe1 Nc5 21.
Qd2 Qb4 22. Qc2 Qa3 23. Nd5 e6 24. Bc1 Nb4 25. Qd2 Qa2 26. Rb2 Bxb2 27. Nxb4
Nxb3 28. Nxa2 Nxd2 29. Bxd2 Ba3 30. Rb1 b6 31. Nb4 Ra8 32. Rb3 Bxb4 33. Bxb4
Rac8 34. Rc3 f5 35. e5 Kf7 36. Bxd6 Rc6 37. a5 Rdc8 38. axb6 Rxb6 39. h3 g5 40.
c5 Rb4 41. Kh2 h5 42. c6 Rb6 43. c7 Ke8 44. Nd4 Kd7 45. Nb3 Rxd6 46. Nc5+ Kxc7
47. exd6+ Kxd6 48. Rd3+ Kxc5 49. Rc3+ Kb4 50. Rxc8 a5 51. Re8 a4 52. Rxe6 a3
53. h4 g4 54. fxg4 fxg4 55. Ra6 Kb3 56. Kg3 a2 57. Kf4 Kb2 58. Kg5 a1=Q 59.
Rxa1 Kxa1 60. Kxh5 g3 61. Kg4 Kb2 62. h5 1-0

[Event "Sydney International Open"]
[Site "*"]
[Date "2007.07.14"]
[Round "9.23"]
[White "Zulfic, Fedja"]
[Black "Wallis, Christopher"]
[Result "0-1"]
[WhiteElo "1895"]
[BlackElo "2178"]
[PlyCount "156"]

1. d4 d5 2. Nf3 Nf6 3. Bg5 Ne4 4. Bf4 c5 5. c3 Qb6 6. Qb3 c4 7. Qxb6 axb6 8.
Nbd2 Bf5 9. Nxe4 Bxe4 10. Nd2 Bg6 11. e4 e6 12. Be2 Nd7 13. O-O Nf6 14. exd5
exd5 15. Rfe1 Be7 16. Bf3 Kd7 17. Bg5 Ra5 18. b4 Ra3 19. Bxf6 Bxf6 20. Bxd5 b5
21. Bxb7 Rxc3 22. Ne4 Bxe4 23. Bxe4 Ra3 24. Re3 Ra4 25. a3 Kc7 26. Rd1 Rd8 27.
Rf3 Rxd4 28. Rxd4 Bxd4 29. Rxf7+ Kb6 30. Kf1 h6 31. Rb7+ Ka6 32. Bc6 Rxa3 33.
Rxb5 Ra1+ 34. Ke2 Ra2+ 35. Kd1 Rxf2 36. Rd5 Bc3 37. b5+ Kb6 38. Rd7 Be5 39. Rd2
Rf1+ 40. Ke2 Ra1 41. h3 c3 42. Rc2 Kc5 43. Kd3 Rd1+ 44. Ke2 Rb1 45. Kd3 Kb4 46.
Ra2 Rd1+ 47. Ke2 Rd6 48. Be8 Kb3 49. Bf7+ Kb4 50. Be8 Bf6 51. Kf3 Re6 52. Bc6
Rd6 53. Be8 Rd8 54. Bg6 Kxb5 55. Rc2 Kb4 56. Ke2 Kb3 57. Kf3 Rd1 58. Ke2 Rg1
59. Kf3 Re1 60. Kf2 Re7 61. Kg3 Bd4 62. Kf4 Re6 63. Bd3 Re3 64. Bg6 Re1 65. Kf3
Rf1+ 66. Kg4 Ra1 67. Kf3 Bf6 68. Ke2 Bg5 69. Bd3 Bd2 70. Bg6 Re1+ 71. Kf2 Rc1
72. Rxc1 Bxc1 73. Ke2 c2 74. Kf3 Bd2 75. Bxc2+ Kxc2 76. Kg4 g6 77. h4 Kd3 78.
h5 g5 0-1

[Event "Sydney International Open"]
[Site "*"]
[Date "2007.07.14"]
[Round "9.24"]
[White "Broekhuyse, Paul"]
[Black "Shipov, Sergei"]
[Result "0-1"]
[WhiteElo "2137"]
[BlackElo "2592"]
[PlyCount "68"]

1. d4 d5 2. c4 dxc4 3. Nf3 e6 4. Qa4+ c6 5. Qxc4 b5 6. Qc2 Bb7 7. Bf4 Nf6 8. e4
Nbd7 9. Nbd2 a6 10. a4 Bb4 11. Bd3 c5 12. axb5 axb5 13. O-O c4 14. Be2 O-O 15.
e5 Nd5 16. Bg5 Qb6 17. Ne4 h6 18. Bd2 Be7 19. Rxa8 Rxa8 20. h4 Rc8 21. h5 Qa7
22. Qc1 Bf8 23. g4 b4 24. g5 c3 25. bxc3 bxc3 26. Bf4 Ba3 27. Qc2 Nxf4 28. gxh6
gxh6 29. Bb5 Nxh5 30. Kh2 Bxe4 31. Qxe4 c2 32. Qg4+ Kf8 33. Qxh5 c1=Q 34. Rxc1
Bxc1 0-1

[Event "Sydney International Open"]
[Site "*"]
[Date "2007.07.14"]
[Round "9.26"]
[White "Stojic, Dusan"]
[Black "Milligan, Helen"]
[Result "1-0"]
[WhiteElo "2271"]
[BlackElo "2041"]
[PlyCount "79"]

1. e4 e5 2. Nf3 Nc6 3. Bb5 a6 4. Ba4 Nf6 5. O-O b5 6. Bb3 Be7 7. Re1 d6 8. c3
O-O 9. h3 Bb7 10. d4 Re8 11. Nbd2 Bf8 12. Bc2 h6 13. a4 exd4 14. cxd4 Nb4 15.
Bb1 c5 16. d5 Nd7 17. Ra3 f5 18. Nh2 Nf6 19. Rg3 Ra7 20. Qf3 Bxd5 21. Qxf5 Bf7
22. e5 Nbd5 23. Ne4 Rxe5 24. Nxf6+ Nxf6 25. Rxe5 dxe5 26. Ng4 Qd1+ 27. Kh2
Nxg4+ 28. Rxg4 g6 29. Rxg6+ Bxg6 30. Qxg6+ Rg7 31. Qe6+ Kh8 32. Qxh6+ Kg8 33.
Qe6+ Kh8 34. Qf5 Qxc1 35. Qxf8+ Rg8 36. Qf6+ Rg7 37. Qd8+ Rg8 38. Qh4+ Kg7 39.
Qe7+ Kh6 40. Qh7+ 1-0

[Event "Sydney International Open"]
[Site "*"]
[Date "2007.07.14"]
[Round "9.27"]
[White "Mendes da Costa, Alex"]
[Black "Tredinnick, Malcolm Robert"]
[Result "0-1"]
[WhiteElo "2017"]
[BlackElo "2205"]
[PlyCount "66"]

1. e4 c5 2. Nf3 e6 3. d4 cxd4 4. Nxd4 Nc6 5. Be3 a6 6. Bd3 Qc7 7. O-O Nf6 8.
Nc3 Ne5 9. Nce2 Nfg4 10. Bf4 Bd6 11. Bg3 h5 12. h3 h4 13. hxg4 hxg3 14. Nxg3
Qd8 15. f4 Nc6 16. c3 Bc5 17. Bc4 b5 18. Bb3 Bb7 19. Rf3 Qb6 20. Rd3 O-O-O 21.
Kf1 Rh4 22. Nxc6 Bxc6 23. Qf3 Rdh8 24. Rad1 g6 25. R3d2 f5 26. gxf5 Be3 27. Ke2
Bxd2 28. Kxd2 gxf5 29. Kc1 Qc7 30. Rf1 b4 31. Bc2 bxc3 32. Qxc3 fxe4 33. Nxe4
Rh1 0-1

[Event "Sydney International Open"]
[Site "*"]
[Date "2007.07.14"]
[Round "9.28"]
[White "Illingworth, Max"]
[Black "Dowden, Tony"]
[Result "1/2-1/2"]
[WhiteElo "2007"]
[BlackElo "2190"]
[PlyCount "62"]

1. d4 e6 2. c4 Nf6 3. Nc3 Bb4 4. e3 c5 5. Bd3 d5 6. Nf3 cxd4 7. exd4 dxc4 8.
Bxc4 O-O 9. O-O b6 10. Bg5 Bb7 11. Ne5 h6 12. Bh4 Nc6 13. Bxf6 gxf6 14. Qg4+
Kh7 15. Nxc6 Bxc6 16. d5 f5 17. Qf3 Bb7 18. Rad1 Rc8 19. Bb3 Rg8 20. Qh3 Qg5
21. f4 Qg7 22. Rf3 Qg4 23. Rd2 exd5 24. Bxd5 Bxc3 25. bxc3 Bxd5 26. Rxd5 Rgd8
27. Rxf5 Rd1+ 28. Kf2 Rd2+ 29. Ke1 Qxh3 30. Rxf7+ Kg6 31. Rxh3 Rxa2 1/2-1/2

[Event "Sydney International Open"]
[Site "*"]
[Date "2007.07.14"]
[Round "9.29"]
[White "Schon, Eugene"]
[Black "Ikeda, Junta"]
[Result "0-1"]
[WhiteElo "1914"]
[BlackElo "2154"]
[PlyCount "134"]

1. e4 c5 2. Nf3 e6 3. c3 d5 4. exd5 exd5 5. d4 Nc6 6. Bb5 Bd6 7. dxc5 Bxc5 8.
O-O Nge7 9. Nbd2 O-O 10. Nb3 Bb6 11. Re1 Nf5 12. Bd3 Bc7 13. Bc2 Nh4 14. Nxh4
Qxh4 15. g3 Qh3 16. Qxd5 Bg4 17. Qg2 Qh5 18. Be4 f5 19. Bxc6 bxc6 20. Qxc6 Bb6
21. Be3 f4 22. Bxb6 axb6 23. Nd4 Rac8 24. Qb5 Qh6 25. Re5 Qf6 26. Qd5+ Kh8 27.
f3 Rc5 28. fxg4 Rxd5 29. Rxd5 fxg3 30. Rf5 gxh2+ 31. Kg2 Qd8 32. Raf1 Re8 33.
Ne6 h1=Q+ 34. Kxh1 Qh4+ 35. Kg2 Qxg4+ 36. Kh2 h6 37. Rf8+ Rxf8 38. Rxf8+ Kh7
39. Nd4 Qh5+ 40. Kg2 Qd5+ 41. Kg1 Qxa2 42. Rf2 g5 43. Kh2 Kg6 44. Re2 Kh5 45.
Kg3 Qb1 46. Nf3 Qf5 47. Rh2+ Kg6 48. Re2 Qf4+ 49. Kg2 g4 50. Nd4 b5 51. Rf2
Qe4+ 52. Kh2 h5 53. Ne2 h4 54. Rg2 g3+ 55. Nxg3 hxg3+ 56. Rxg3+ Kf5 57. Rg2
Qh4+ 58. Kg1 Qe1+ 59. Kh2 Kf4 60. Rg8 Qe2+ 61. Rg2 Qh5+ 62. Kg1 Qh3 63. Rf2+
Ke3 64. Rh2 Qg3+ 65. Rg2 Qe1+ 66. Kh2 Kf3 67. b3 Qe5+ 0-1

[Event "Sydney International Open"]
[Site "*"]
[Date "2007.07.14"]
[Round "9.30"]
[White "Suttor, Vincent"]
[Black "Karenlampi, Pirkka"]
[Result "1-0"]
[WhiteElo "2153"]
[BlackElo "2021"]
[PlyCount "84"]

1. d4 d5 2. c4 c6 3. e3 Nf6 4. Nc3 e6 5. Nf3 Nbd7 6. Bd3 dxc4 7. Bxc4 b5 8. Bd3
a6 9. e4 c5 10. d5 c4 11. Bc2 Qc7 12. O-O Bd6 13. dxe6 fxe6 14. Qe2 O-O 15. Re1
Ne5 16. Nxe5 Bxe5 17. f4 Bxf4 18. e5 Qc5+ 19. Kh1 Nd5 20. Ne4 Qe7 21. a4 Bb7
22. Nd6 Bxc1 23. Qe4 g6 24. Raxc1 Rf4 25. Qe2 Raf8 26. Be4 Rf2 27. Qg4 Rxb2 28.
Nxb7 Qxb7 29. Qxe6+ Kg7 30. Bxd5 Qa7 31. axb5 axb5 32. Qd6 Qf2 33. e6 Re2 34.
Qd7+ Kh6 35. Rg1 Qc5 36. Rcf1 Rxf1 37. Rxf1 c3 38. Bf3 c2 39. Bxe2 c1=Q 40. e7
Qxf1+ 41. Bxf1 Qf2 42. Qd3 Qe1 1-0

[Event "Sydney International Open"]
[Site "*"]
[Date "2007.07.14"]
[Round "9.32"]
[White "Pickering, Anthony"]
[Black "Chokshi, Manthan"]
[Result "0-1"]
[WhiteElo "1961"]
[BlackElo "2168"]
[PlyCount "50"]

1. e4 c5 2. Nf3 d6 3. d4 cxd4 4. Nxd4 Nf6 5. Nc3 a6 6. Be2 e5 7. Nb3 Be6 8. Bg5
Be7 9. Bxf6 Bxf6 10. O-O O-O 11. Nd5 Bg5 12. a4 Nd7 13. Bc4 Rc8 14. Qd3 Nb6 15.
Nxb6 Qxb6 16. Bd5 Bxd5 17. Qxd5 Rxc2 18. a5 Qc6 19. Rfd1 Rxb2 20. Nc1 Rd8 21.
g3 Rb5 22. Qd3 Rb4 23. Na2 Rxe4 24. Rac1 Bxc1 25. Rxc1 Rd4 0-1

[Event "Sydney International Open"]
[Site "*"]
[Date "2007.07.14"]
[Round "9.33"]
[White "Atzmon-Simon, Barak"]
[Black "Brown, Andrew"]
[Result "1-0"]
[WhiteElo "2157"]
[BlackElo "1917"]
[PlyCount "103"]

1. f4 c5 2. Nf3 Nc6 3. e4 g6 4. Be2 Bg7 5. O-O e6 6. c3 d5 7. d3 Nge7 8. Kh1
O-O 9. Na3 b6 10. e5 a6 11. d4 c4 12. Be3 b5 13. Nc2 a5 14. a3 Qb6 15. Qe1 Bd7
16. Bd2 Rfb8 17. g4 Qd8 18. Ne3 h6 19. Nh4 Qc8 20. Qg3 Kh7 21. Bd1 b4 22. f5
bxc3 23. Bxc3 exf5 24. gxf5 Nxf5 25. Nhxf5 Bxf5 26. Nxf5 gxf5 27. Bc2 Ne7 28.
Rg1 Bh8 29. Raf1 Ra6 30. Qh4 Rb7 31. Qh5 Rg6 32. Rxf5 Nxf5 33. Bxf5 Qe8 34. e6
Rb6 35. exf7 Qxf7 36. Bxa5 Rbf6 37. Rxg6 Rxg6 38. Bb6 Bf6 39. a4 Bg5 40. Qxg6+
Qxg6 41. Bxg6+ Kxg6 42. a5 Bf4 43. a6 Bb8 44. Kg2 Kf5 45. Kf3 Ke6 46. a7 Bxa7
47. Bxa7 Kd6 48. Bc5+ Kc6 49. Bb4 Kd7 50. Kg4 Ke6 51. Bd2 h5+ 52. Kg5 1-0

[Event "Sydney International Open"]
[Site "*"]
[Date "2007.07.14"]
[Round "9.34"]
[White "Jule, Alexandra"]
[Black "Bennett, Hilton"]
[Result "0-1"]
[WhiteElo "1909"]
[BlackElo "2134"]
[PlyCount "64"]

1. d4 Nf6 2. Nf3 g6 3. g3 Bg7 4. Bg2 O-O 5. O-O d6 6. c4 c6 7. Nc3 Nbd7 8. h3
e5 9. e4 Re8 10. Be3 a6 11. Qc2 b5 12. b3 Bb7 13. dxe5 dxe5 14. c5 Qc7 15. Rad1
Rad8 16. Rd2 Nf8 17. Rfd1 Rxd2 18. Rxd2 Ne6 19. b4 Bc8 20. Qc1 Nd7 21. a3 f5
22. exf5 gxf5 23. Qc2 f4 24. gxf4 exf4 25. Bd4 Nxd4 26. Nxd4 Re1+ 27. Bf1 Bxd4
28. Rxd4 Qe5 29. Rd1 Qg5+ 30. Kh2 Ne5 31. Qb3+ Kg7 32. Nb1 Be6 0-1

[Event "Sydney International Open"]
[Site "*"]
[Date "2007.07.14"]
[Round "9.35"]
[White "Huynh, Arthur"]
[Black "Chan, Jason"]
[Result "0-1"]
[WhiteElo "1879"]
[BlackElo "2099"]
[PlyCount "54"]

1. d4 Nf6 2. Nf3 g6 3. c4 Bg7 4. Nc3 O-O 5. Bg5 h6 6. Bh4 d6 7. e3 Nbd7 8. Be2
e5 9. Qc2 exd4 10. exd4 Re8 11. O-O Nf8 12. Rfe1 Bf5 13. Qb3 Qd7 14. Bxf6 Bxf6
15. Nd5 Bg7 16. Qxb7 Ne6 17. Rad1 Reb8 18. Qa6 Rxb2 19. Bd3 Bg4 20. Be4 Rab8
21. Qxa7 f5 22. Ne7+ Kh7 23. Bd5 Nf4 24. Nc6 Re8 25. Qa3 Rb6 26. Rxe8 Qxe8 27.
Re1 Bxf3 0-1

[Event "Sydney International Open"]
[Site "*"]
[Date "2007.07.14"]
[Round "9.36"]
[White "Dizdarevic, Mehmedalija"]
[Black "Tenorio, Leonardo"]
[Result "1/2-1/2"]
[WhiteElo "2096"]
[BlackElo "1861"]
[PlyCount "64"]

1. e4 c5 2. Nf3 Nc6 3. d4 cxd4 4. Nxd4 d6 5. Nc3 Nf6 6. Be3 h6 7. Be2 e6 8. Qd2
a6 9. O-O-O Qc7 10. f4 Be7 11. Nb3 b5 12. g4 Bb7 13. g5 b4 14. gxf6 bxc3 15.
Qxc3 Bxf6 16. Bd4 Bxd4 17. Nxd4 Rc8 18. Bd3 Nxd4 19. Qxd4 e5 20. fxe5 dxe5 21.
Qa4+ Qc6 22. Qb4 Rc7 23. Rhg1 g6 24. Rgf1 Bc8 25. Kb1 Qc5 26. Qd2 Ke7 27. Qg2
Qb6 28. Qf3 Rh7 29. Qg3 Rc5 30. Qh4+ g5 31. Qf2 Rc6 32. Qg3 Rc5 1/2-1/2

[Event "Sydney International Open"]
[Site "*"]
[Date "2007.07.14"]
[Round "9.37"]
[White "Gibbons, Robert"]
[Black "Dunlop, Gordon"]
[Result "1-0"]
[WhiteElo "2077"]
[BlackElo "1859"]
[PlyCount "109"]

1. c4 c5 2. Nc3 Nf6 3. Nf3 d5 4. cxd5 Nxd5 5. g3 Nc6 6. Bg2 Nc7 7. O-O e5 8. d3
Be7 9. a3 O-O 10. Qc2 Rb8 11. Ne1 Nd4 12. Qd1 Be6 13. f4 Bb3 14. Qd2 exf4 15.
gxf4 Bh4 16. Nf3 Nxf3+ 17. Bxf3 Ne6 18. e3 Qd7 19. a4 Rfd8 20. Be2 c4 21. d4 a6
22. Bg4 Qe7 23. Qg2 Nc7 24. Bd2 b5 25. axb5 axb5 26. Ra7 b4 27. Ne2 Qd6 28. Rb7
c3 29. Rxb8 Rxb8 30. bxc3 bxc3 31. Nxc3 Bc4 32. Be2 Bxe2 33. Qxe2 Rb2 34. Rd1
Qg6+ 35. Kf1 Qc6 36. d5 Nxd5 37. Nxd5 Qxd5 38. e4 Qb5 39. Qxb5 Rxb5 40. Kg2 h6
41. Kh3 Bf2 42. Rf1 Rb3+ 43. Kg2 Bd4 44. Be1 Rb2+ 45. Bf2 Kf8 46. Kf3 Rxf2+ 47.
Rxf2 Bxf2 48. Kxf2 Ke7 49. Kf3 Kd6 50. h4 g6 51. Kg4 f6 52. h5 g5 53. e5+ fxe5
54. fxg5 hxg5 55. h6 1-0

[Event "Sydney International Open"]
[Site "*"]
[Date "2007.07.14"]
[Round "9.38"]
[White "Zirdum, Ivan"]
[Black "Escalante, Lorenzo"]
[Result "1-0"]
[WhiteElo "2061"]
[BlackElo "1855"]
[PlyCount "53"]

1. Nf3 Nf6 2. c4 Nc6 3. g3 e6 4. Bg2 d5 5. b3 d4 6. O-O Bc5 7. d3 e5 8. Nbd2
Bg4 9. h3 Bh5 10. Nh4 Qd7 11. Nhf3 O-O-O 12. a3 Bxf3 13. Nxf3 e4 14. dxe4 Nxe4
15. b4 Nc3 16. Qd3 Bxb4 17. axb4 Nxb4 18. Qd2 Rhe8 19. Rxa7 c6 20. e3 c5 21.
exd4 cxd4 22. Ra8+ Kc7 23. Qf4+ Kb6 24. Qg5 Rxa8 25. Nxd4 Ra5 26. Qxg7 Qxd4 27.
Qxd4+ 1-0

[Event "Sydney International Open"]
[Site "*"]
[Date "2007.07.14"]
[Round "9.39"]
[White "Szuveges, Narelle S"]
[Black "Camer, Angelito"]
[Result "1-0"]
[WhiteElo "1841"]
[BlackElo "2028"]
[PlyCount "51"]

1. d4 d5 2. c4 dxc4 3. e3 e6 4. Bxc4 c5 5. Nf3 a6 6. O-O b5 7. Bd3 Bb7 8. dxc5
Bxc5 9. Be2 Nd7 10. b3 Ngf6 11. Bb2 O-O 12. Nc3 Qb6 13. Rc1 Rfd8 14. Qc2 Rac8
15. Qb1 h6 16. Bd3 Bxf3 17. gxf3 Ne5 18. Be4 Rd2 19. Rfd1 Bxe3 20. fxe3 Qxe3+
21. Kh1 Rcd8 22. Rxd2 Rxd2 23. Nd5 Rxh2+ 24. Kxh2 Neg4+ 25. Kh1 Nf2+ 26. Kg2
1-0

[Event "Sydney International Open"]
[Site "*"]
[Date "2007.07.14"]
[Round "9.40"]
[White "Uttam, Kumar Saha"]
[Black "Mandla, Blair"]
[Result "0-1"]
[WhiteElo "2016"]
[BlackElo "1765"]
[PlyCount "110"]

1. e4 d5 2. exd5 Nf6 3. d4 Bg4 4. Bb5+ Nbd7 5. f3 Bf5 6. Nc3 a6 7. Bd3 Bxd3 8.
Qxd3 Nb6 9. Nge2 Nfxd5 10. Nxd5 Qxd5 11. Nc3 Qh5 12. Bf4 O-O-O 13. Ne4 Nd5 14.
Bg3 e6 15. O-O-O f5 16. Nc3 Qg5+ 17. Qd2 Qxd2+ 18. Rxd2 Bb4 19. Rd3 Bxc3 20.
bxc3 f4 21. Bh4 Rde8 22. Re1 h6 23. Kb2 Ne3 24. Re2 b5 25. Be1 c6 26. Kc1 Nc4
27. Bf2 Rhf8 28. Rd1 Kd7 29. Re4 Rf5 30. Rd3 Nd6 31. Re5 Rf6 32. a4 Nc4 33. Rc5
Rf5 34. axb5 axb5 35. Rd1 Ra8 36. Kb1 Rff8 37. Rxc4 bxc4 38. Kc1 Ra1+ 39. Kd2
Rxd1+ 40. Kxd1 Rf5 41. Ke2 Rh5 42. Bg1 Ke7 43. Kf2 Ra5 44. Ke2 Ra2 45. Kd2 Ra1
46. Bf2 Rh1 47. g3 Rxh2 48. Ke1 Rh1+ 49. Ke2 g5 50. gxf4 gxf4 51. Be1 Kd6 52.
Bd2 e5 53. Kf2 Rh2+ 54. Ke1 Kd5 55. Kd1 h5 0-1